<?xml version="1.0" encoding="UTF-8"?>
<record
    xmlns:xsi="http://www.w3.org/2001/XMLSchema-instance"
    xsi:schemaLocation="http://www.loc.gov/MARC21/slim http://www.loc.gov/standards/marcxml/schema/MARC21slim.xsd"
    xmlns="http://www.loc.gov/MARC21/slim">

  <leader>01541nam a22003017a 4500</leader>
  <controlfield tag="005">20090627135949.0</controlfield>
  <controlfield tag="008">090627t        xxu||||| |||| 00| 0 eng d</controlfield>
  <datafield tag="010" ind1=" " ind2=" ">
    <subfield code="a">ENG-94268-70</subfield>
  </datafield>
  <datafield tag="020" ind1=" " ind2=" ">
    <subfield code="a">8183242863 (series) </subfield>
    <subfield code="c">2700.00(set of 3 pt.) </subfield>
  </datafield>
  <datafield tag="020" ind1=" " ind2=" ">
    <subfield code="a">8183243096 (pt.I) </subfield>
    <subfield code="c">2700.00(set of 3 pt.) </subfield>
  </datafield>
  <datafield tag="020" ind1=" " ind2=" ">
    <subfield code="a">818324310X (pt.II) </subfield>
    <subfield code="c">2700.00(set of 3 pt.) </subfield>
  </datafield>
  <datafield tag="020" ind1=" " ind2=" ">
    <subfield code="a">8183243118 (pt. III) </subfield>
    <subfield code="c">2700.00(set of 3 pt.) </subfield>
  </datafield>
  <datafield tag="035" ind1=" " ind2=" ">
    <subfield code="a">EN-77801-03</subfield>
  </datafield>
  <datafield tag="037" ind1=" " ind2=" ">
    <subfield code="b">DBAD / PUB</subfield>
  </datafield>
  <datafield tag="040" ind1=" " ind2=" ">
    <subfield code="a">dpl</subfield>
    <subfield code="b">English </subfield>
  </datafield>
  <datafield tag="082" ind1=" " ind2=" ">
    <subfield code="a">334.068</subfield>
  </datafield>
  <datafield tag="100" ind1=" " ind2=" ">
    <subfield code="a">Rais Ahmad </subfield>
  </datafield>
  <datafield tag="245" ind1=" " ind2=" ">
    <subfield code="a">Cooprative management and development:</subfield>
    <subfield code="c">by Rais Ahmad </subfield>
    <subfield code="b">text and cases /</subfield>
  </datafield>
  <datafield tag="260" ind1=" " ind2=" ">
    <subfield code="a">New Delhi </subfield>
    <subfield code="b">Mittal Publications</subfield>
    <subfield code="c">2009</subfield>
  </datafield>
  <datafield tag="270" ind1=" " ind2=" ">
    <subfield code="a">4594/9, Daryaganj, </subfield>
    <subfield code="b">New Delhi </subfield>
    <subfield code="e">110002</subfield>
  </datafield>
  <datafield tag="300" ind1=" " ind2=" ">
    <subfield code="a">3pt. (xlvi, 202p.; xlvi, 203-578p.; xlvi, 579-880p.)</subfield>
    <subfield code="c">23cm(Hb) </subfield>
  </datafield>
  <datafield tag="500" ind1=" " ind2=" ">
    <subfield code="a">This book is published in 3 pts. and set price is 2700.00</subfield>
  </datafield>
  <datafield tag="500" ind1=" " ind2=" ">
    <subfield code="a">Includes index</subfield>
  </datafield>
  <datafield tag="942" ind1=" " ind2=" ">
    <subfield code="2">ddc</subfield>
    <subfield code="c">EN</subfield>
    <subfield code="m">RAI</subfield>
    <subfield code="h">334.068</subfield>
  </datafield>
  <datafield tag="999" ind1=" " ind2=" ">
    <subfield code="c">27937</subfield>
    <subfield code="d">27937</subfield>
  </datafield>
  <datafield tag="952" ind1=" " ind2=" ">
    <subfield code="0">0</subfield>
    <subfield code="1">0</subfield>
    <subfield code="2">ddc</subfield>
    <subfield code="3">v.1</subfield>
    <subfield code="4">0</subfield>
    <subfield code="7">1</subfield>
    <subfield code="8">NFIC</subfield>
    <subfield code="a">DBAD</subfield>
    <subfield code="b">DBAD</subfield>
    <subfield code="d">2009-06-27</subfield>
    <subfield code="e">DBAD /  PUB</subfield>
    <subfield code="g">2700.00</subfield>
    <subfield code="l">0</subfield>
    <subfield code="o">334.068 RAI</subfield>
    <subfield code="p">EN-77801</subfield>
    <subfield code="r">2009-06-27 00:00:00</subfield>
    <subfield code="t">1</subfield>
    <subfield code="v">2700.00</subfield>
    <subfield code="w">2009-06-27</subfield>
    <subfield code="y">EN</subfield>
    <subfield code="z">v.1</subfield>
  </datafield>
  <datafield tag="952" ind1=" " ind2=" ">
    <subfield code="0">0</subfield>
    <subfield code="1">0</subfield>
    <subfield code="2">ddc</subfield>
    <subfield code="3">v.2</subfield>
    <subfield code="4">0</subfield>
    <subfield code="7">1</subfield>
    <subfield code="8">NFIC</subfield>
    <subfield code="a">DBAD</subfield>
    <subfield code="b">DBAD</subfield>
    <subfield code="d">2009-06-27</subfield>
    <subfield code="e">DBAD /  PUB</subfield>
    <subfield code="g">2700.00</subfield>
    <subfield code="l">0</subfield>
    <subfield code="o">334.068 RAI</subfield>
    <subfield code="p">EN-77802</subfield>
    <subfield code="r">2009-06-27 00:00:00</subfield>
    <subfield code="t">1</subfield>
    <subfield code="v">2700.00</subfield>
    <subfield code="w">2009-06-27</subfield>
    <subfield code="y">EN</subfield>
    <subfield code="z">v.2</subfield>
  </datafield>
  <datafield tag="952" ind1=" " ind2=" ">
    <subfield code="0">0</subfield>
    <subfield code="1">0</subfield>
    <subfield code="2">ddc</subfield>
    <subfield code="3">v.3</subfield>
    <subfield code="4">0</subfield>
    <subfield code="7">1</subfield>
    <subfield code="8">NFIC</subfield>
    <subfield code="a">DBAD</subfield>
    <subfield code="b">DBAD</subfield>
    <subfield code="d">2009-06-27</subfield>
    <subfield code="e">DBAD /  PUB</subfield>
    <subfield code="g">2700.00</subfield>
    <subfield code="l">0</subfield>
    <subfield code="o">334.068RAI</subfield>
    <subfield code="p">EN-77803</subfield>
    <subfield code="r">2009-06-27 00:00:00</subfield>
    <subfield code="t">1</subfield>
    <subfield code="v">2700.00</subfield>
    <subfield code="w">2009-06-27</subfield>
    <subfield code="y">EN</subfield>
    <subfield code="z">v.3</subfield>
  </datafield>
</record>
